| 000 | 00599cam a2200205 4500500 | ||
|---|---|---|---|
| 005 | 20260405003800.0 | ||
| 041 | _afre | ||
| 042 | _adc | ||
| 100 | 1 | 0 |
_aMawas, Elliot _eauthor |
| 245 | 0 | 0 | _aPourquoi retient-on les choses futiles ? |
| 260 | _c2023. | ||
| 500 | _a65 | ||
| 690 | _aGratuité | ||
| 690 | _aInutile | ||
| 690 | _aMémoire | ||
| 690 | _aSouvenir | ||
| 690 | _aUtilitarisme | ||
| 786 | 0 | _nPhilosophie magazine | 173 | 10 | 2023-10-01 | p. 52-52 | 1951-1787 | |
| 856 | 4 | 1 | _uhttps://shs.cairn.info/magazine-philosophie-magazine-2023-10-page-52?lang=fr&redirect-ssocas=7080 |
| 999 |
_c2070788 _d2070788 |
||